000 00394nam a2200157 a 4500
005 20140412111324.0
008 001113s19uu xx 00 eng d
020 _a1-84079-029-6
050 _aER
_bKi53 1998
100 _aCowley, Joy
245 _aKites /
_cJoy Cowley.
260 _aOxon, UK :
_bSterling,
_c1996.
300 _a[8] p. ; ill.
650 _aKites -- Fiction
999 _c104503
_d104503